Visualizzazione normale
Vista MARC
- Isasi, Juan Maria
di Personal Name
Records bibliografici associati: 1
001 - CONTROL NUMBER
- control field: 15392
003 - CONTROL NUMBER IDENTIFIER
- control field: IT-RoINE
005 - DATE AND TIME OF LATEST TRANSACTION
- control field: 20141205171251.0
008 - FIXED-LENGTH DATA ELEMENTS
- fixed length control field: 141205|| aca||aabn | a|a d
040 ## - CATALOGING SOURCE
- Original cataloging agency: IT-RoINE
- Transcribing agency: IT-RoINE
100 ## - HEADING--PERSONAL NAME
- Personal name: Isasi, Juan Maria
670 ## - SOURCE DATA FOUND
- Source citation: Work cat.: (IT-RoINE)0: Blondel, Maurice 1861-1949 15390, La acción (1893) :, 1996.